000 00763nam a2200229 i 4500
001 13714
003 ES-MaACL
005 20230906150640.0
007 t|
008 980609s1998 sp ||||1| spa d
020 _a84-7658-493-8
080 _a316.3
080 _a001.5
100 1 _aLuhmann, Niklas.
_974673
245 1 0 _aSistemas sociales
_b: lineamientos para una teoría general /
_cNiklas Luhmann.
250 _a2ª ed. en español.
260 _aBarcelona :
_bAnthropos ;
_aMéxico :
_bUniversidad Iberoamericana ;
_aSantafé de Bogotá :
_bCEJA, Pontificia Universidad Javeriana,
_c1998.
300 _a445 p. ;
_c24 cm.
650 4 _aSistemas sociales.
_917144
650 _aTeoría de sistemas.
_9172518
852 _aES-MaACL
_jL-21027
_bR.126557
999 _c13714
_d13714